Object oriented programming in c++ / (Record no. 197147)

MARC details
000 -LEADER
fixed length control field 00706nam a2200217Ia 4500
005 - DATE AND TIME OF LATEST TRANSACTION
control field 20240927110342.0
008 - FIXED-LENGTH DATA ELEMENTS--GENERAL INFORMATION
fixed length control field 210716s2008 xx 000 0 und d
020 ## - INTERNATIONAL STANDARD BOOK NUMBER
International Standard Book Number 9788126516582
040 ## - CATALOGING SOURCE
Transcribing agency AIMIT LIBRARY
041 ## - LANGUAGE CODE
Language code of text/sound track or separate title eng
082 ## - DEWEY DECIMAL CLASSIFICATION NUMBER
Classification number 005.13311
Edition number 1
Item number SHUR
100 ## - MAIN ENTRY--PERSONAL NAME
Personal name Shukla, Rajesh K.
9 (RLIN) 180460
245 ## - TITLE STATEMENT
Title Object oriented programming in c++ /
Statement of responsibility, etc. By Rajesh K Shukla.
250 ## - EDITION STATEMENT
Edition statement 1st ed.
260 ## - PUBLICATION, DISTRIBUTION, ETC.
Place of publication, distribution, etc. New Delhi :
Name of publisher, distributor, etc. Wiley India Pvt Ltd ,
Date of publication, distribution, etc. 2016.
300 ## - PHYSICAL DESCRIPTION
Extent xxiv,456p. ;
Other physical details PB
Dimensions 23 cm.
650 ## - SUBJECT ADDED ENTRY--TOPICAL TERM
Topical term or geographic name entry element Modeling real world objects
9 (RLIN) 180461
650 ## - SUBJECT ADDED ENTRY--TOPICAL TERM
Topical term or geographic name entry element Iteration of looping statements
9 (RLIN) 180462
650 ## - SUBJECT ADDED ENTRY--TOPICAL TERM
Topical term or geographic name entry element Structure union and bit fields
9 (RLIN) 180463
942 ## - ADDED ENTRY ELEMENTS (KOHA)
Source of classification or shelving scheme Dewey Decimal Classification
Koha item type Book
Edition 1st ed.
Call number prefix 005.13311 SHUR
Holdings
Withdrawn status Lost status Source of classification or shelving scheme Damaged status Not for loan Collection code Home library Current library Source of acquisition Cost, normal purchase price Inventory number Total Checkouts Full call number Barcode Date last seen Cost, replacement price Price effective from Koha item type
    Dewey Decimal Classification     MCA St Aloysius Institute of Management & Information Technology St Aloysius Institute of Management & Information Technology Current Books 249.00 Bill no:27; Bill dt:2010-04-30   005.13311 SHUR MCA09839 07/21/2025 179.28 07/16/2021 Book
    Dewey Decimal Classification   Reference Book MCA St Aloysius Institute of Management & Information Technology St Aloysius Institute of Management & Information Technology Current Books 249.00 Bill no:27; Bill dt:2010-04-30   005.13311 SHUR MCA09840 07/21/2025 179.28 07/16/2021 Book
    Dewey Decimal Classification     MCA St Aloysius Institute of Management & Information Technology St Aloysius Institute of Management & Information Technology Knowledge World 249.00 Bill no:703; Bill dt:2010-07-29   005.13311 SHUR MCA09990 07/21/2025 186.75 07/16/2021 Book
    Dewey Decimal Classification     MCA St Aloysius Institute of Management & Information Technology St Aloysius Institute of Management & Information Technology Knowledge World 469.00 Bill no:501; Bill dt:2018-03-05   005.13311 SHUR MCA15553 07/21/2025 365.82 07/16/2021 Book
    Dewey Decimal Classification     MCA St Aloysius Institute of Management & Information Technology St Aloysius Institute of Management & Information Technology Knowledge World 509.00 Bill no:929; Bill dt:2020-03-16   005.13311 SHUR MCA16662 07/21/2025 381.75 07/16/2021 Book